000 00417nam a22001697a 4500
005 20160527111053.0
008 160527b xxu||||| |||| 00| 0 eng d
020 _a0-07-043556-1
041 _aeng
082 _b5424
100 _aZaithaml, Valarie A and other
_91357
245 _aService Marketing
260 _aNew Delhi
_bAcademic Faundation
_c2002
300 _a610
650 _aManagement
_9241
942 _cBK
999 _c1931
_d1930